Normal view
MARC view
- Maureira Velásquez, Marco
Entry Nombre Personal
001 - NUMERO DE CONTROL
- campo de control: 58676
003 - IDENTIFICADOR DE NUMERO DE CONTROL
- campo de control: UPN
005 - FECHA Y HORA DE LA ÜLTIMA TRANSACCIÓN
- campo de control: 20260205131229.0
008 - DATOS DE LONGITUD FIJA
- campo de control de longitud fija: 260205|| acz||aabn | a|a d
024 ## - OTROS IDENTIFICADORES NORMALIZADOS
- Número normalizado o código: https://orcid.org/0000-0002-0238-6774
040 ## - FUENTE DE CATALOGACIÓN
- Agencia original de catalogación: MX-MxUPN
100 1# - ENCABEZAMIENTO - NOMBRE PERSONAL
- Nombre personal: Maureira Velásquez, Marco
370 ## - LUGAR ASOCIADO
- Place of birth: Chile
371 ## - DIRECCIÓN
- Electronic mail address: mmaureirav@utem.cl
372 ## - CAMPO DE ACTIVIDAD
- Field of activity: Filosofía Contemporánea y Estudios Clásicos
- Field of activity: Persona y Sociedad en el Mundo.
373 ## - GRUPO ASOCIADO
- Associated group: Universidad Tecnológica Metropolitana. Facultad de Ciencias Jurídicas y Sociales. Departamento de Ciencias Jurídicas y Sociales.
374 ## - OCUPACIÓN
- Occupation: Docencia e investigación universitaria
377 ## - LENGUA ASOCIADA
- Language code: spa
670 ## - FUENTE EN LA QUE SE LOCALIZARON DATOS
- Cita de la fuente: En recurso en línea : Psicoperspectivas: individuo y sociedad, Vol. 24, no. 2 2025)
- Información localizada: (Marco Maureira Velásquez)
- Uniform Resource Identifier: https://www.psicoperspectivas.cl/index.php/psicoperspectivas/article/view/3452
902 ## - CATALOGADOR
- Catalogador: Leonor Sotres/050226
